Open Data Biblioteca Nacional de Portugal


República Portuguesa: Ministério da Cultura
Biblioteca Nacional de Portugal

Catálogo da BNP: acesso por Identificadores Unívocos
Registos Bibliográficos associados ao registo de autoridade

Etiqueta de registo: 00254nam 2200025 450
001 2285174
003 http://id.bnportugal.gov.pt/bib/catbnp/2285174
010 ## $a978-972-0-73129-6
021 ## $aPT$b559650/26
100 ## $a20260424d2026 a y0pory01030103ba
101 1# $apor$ceng
102 ## $aPT
105 ## $aa z 000ay
106 ## $ar
200 1# $aSombra dos gigantes$fIvan Livingstone$gil. Mike McCarthy$gadapt. Francisco Afonso
205 ## $a1ª ed
210 #9 $aPorto$cPorto Editora,$d2026
215 ## $a400, [1] p.$cil.$d20 cm
225 2# $aFighting fantasy$v5
304 ## $aTít. orig.: Shadow of the giants
675 ## $a087.5$vBN$zpor$3287999
675 ## $a821.111-93"19/20"$vBN$zpor$31146473
700 #1 $aLivingstone,$bIan,$f1949-$330720
702 #1 $aMcCarthy,$bMike$4440$32000581
702 #1 $aAfonso,$bFrancisco$4010$32308
801 #0 $aPT$bBN$gRPC
856 41 $uhttp://rnod.bnportugal.gov.pt/ImagesBN/winlibimg.aspx?skey=&doc=2285174&img=223019&save=true
900 ## $aBIBNAC$d20260615
966 ## $lBN$mFGMON$sP. 31020 P.$x1
966 ## $lBN$mFGMON$sP. 31020 P.-D$x1
971 ## $corlando$d20260424
972 ## $e0$z0$d20260615$vasantos
973 ## $cigoulao$d20260605
975 ## $e0$d20260619$viquintas

OpendataBNP@bnportugal.pt | Mais informação sobre acesso aos dados BNP